| 000 | 00714nam a22002057a 4500 | ||
|---|---|---|---|
| 003 | OSt | ||
| 005 | 20260317025047.0 | ||
| 008 | 260317b |||||||| |||| 00| 0 eng d | ||
| 020 | _a978-81-7904-435-3 | ||
| 040 |
_aDWCL GS lib _cOC |
||
| 100 | _aSPYRI, JOHANNA | ||
| 245 |
_a Heidi _cSPYRI, JOHANNA |
||
| 260 |
_aIndia _bApple Publishing International (P) Ltd., _c2008 |
||
| 300 |
_avii, 135 pages _c17cm. |
||
| 520 | _aHeidi (1880–81) by Johanna Spyri is a classic children’s novel about a cheerful orphan sent to live with her reclusive grandfather in the Swiss Alps | ||
| 546 | _aEnglish | ||
| 650 | _2 children's literature, fiction | ||
| 650 | _2unconditional love, kindness, | ||
| 942 |
_2ddc _cFIC. _n0 |
||
| 999 |
_c9202 _d9202 |
||